banner-ar

اسطورة دون كيشوت / (Record no. 40970)

MARC details
000 -الفاتح
حقل البيانات ثابتة الطول 00733nam a2200229Ia 4500
008 - عناصر البيانات ثابتة الطول - معلومات عامة
حقل البيانات ثابتة الطول 140319s9999 xx 000 0 ara d
040 ## - مصدر الفهرسة
وكالة الفهرسة الأصلية GCL /
وكالة النسخ GCL
082 04 - رقم تصنيف ديوى العشرى
رقم التصنيف 862.008
رقم المادة ب ا
100 1# - المدخل الرئيسى - إسم شخصى
الإسم الشخصى الطاهر احمد مكى
245 10 - بيان العنوان
العنوان اسطورة دون كيشوت /
بيان المسئوليه,etc الطاهر احمد مكى
700 1# - المدخل الاضافى - اسم شخصى
الإسم الشخصى صلاح فضل (ترجمة)
700 1# - المدخل الاضافى - اسم شخصى
الإسم الشخصى بايخو، بويرو
300 ## - الوصف المادى
التعداد 172 ص
490 ## - بيان السلسلة
عنوان السلسلة من المسرح العالمى
رقم المجلد/ التعيين التسلسلي 0
650 04 - المدخل الاضافى بالموضوع-مصطلح موضوعى
مصطلح موضوعي الادب
650 04 - المدخل الاضافى بالموضوع-مصطلح موضوعى
مصطلح موضوعي الادب الاسبانى
650 04 - المدخل الاضافى بالموضوع-مصطلح موضوعى
مصطلح موضوعي المسرحيات الاسبانية
650 04 - المدخل الاضافى بالموضوع-مصطلح موضوعى
مصطلح موضوعي الادب العالمى المترجم
650 04 - المدخل الاضافى بالموضوع-مصطلح موضوعى
مصطلح موضوعي الادب الاسبانى المترجم
942 ## - عناصر المدخل الإضافي( كوها)
مصدر التصنيف او مخطط الترفيف Dewey Decimal Classification
Koha [default] item type كتاب
Holdings
حالة التراجع حالة الفقد حالة تلف ليس للاعارة المكان المؤقت الموقع الحالى تاريخ الاكتساب اجمالي اﻻعارات رقم الطلب الباركود تاريخ اخر مشاهدة تاريخ تفعيل السعر نوع وعاء كوها
        مكتبة القاهرة الكبرى مكتبة القاهرة الكبرى 03/26/2014   862.008\ب ا 98837 03/26/2014 03/26/2014 كتاب

Powered By

EGPV